| 000 | 01052cam a22003137a 4500 | ||
|---|---|---|---|
| 003 | CHAP | ||
| 005 | 20220329134656.0 | ||
| 008 | 971013s1976 r 00010 d | ||
| 010 | _a24050 | ||
| 011 | _a25022 | ||
| 035 | _a29122 | ||
| 040 | _cCHAP | ||
| 082 |
_a664 _bB7Y 1976 |
||
| 100 | 0 | 0 |
_aBrennan, James G. _915228 |
| 245 | 1 | 4 | _aLas operaciones de la ingeniería de los alimentos |
| 260 |
_aZaragoza : _bAcribia, _c1976 |
||
| 300 |
_a540 p. _b: ilus. |
||
| 500 | _aTrad. de la 2 ed. en inglés de 1976 | ||
| 590 |
_aBATCH-UPD _b10 _c20130110 _lUCH01 _h1323 |
||
| 590 |
_aBATCH-UPD _b10 _c20130410 _lUCH01 _h0831 |
||
| 590 |
_aBATCH-UPD _b10 _c20130914 _lUCH01 _h0127 |
||
| 590 |
_aCONVERSION _b10 _c20130109 _lUCH01 _h1314 |
||
| 650 | 1 | 4 |
_aAlimentos _xTecnología. _94284 |
| 901 | _aBK | ||
| 942 | _cLIBRO | ||
| 949 |
_a664 B7Y 1976 _bBC _cLIBRO _d-67230 _eLIBRO _gI. 126126 _h55551 _i29122 _si |
||
| 949 |
_a664 B7Y 1976 _bBC _cLIBRO _d-67232 _eLIBRO _fc.2 _h55552 _i29122 _si |
||
| 949 |
_a664 B7Y 1976 _bBC _cLIBRO _d33724000133146 _eLIBRO _fc.3 _h65421 _i29122 _si |
||
| 999 |
_c24050 _d24050 |
||